Commentary on the New Testament use of the Old Testament / (Record no. 31522)
[ view plain ]
| 000 -LEADER | |
|---|---|
| fixed length control field | 01543nam a2200229 4500 |
| 008 - FIXED-LENGTH DATA ELEMENTS--GENERAL INFORMATION | |
| fixed length control field | 080610s2007 miu b 001 0 eng |
| 020 ## - INTERNATIONAL STANDARD BOOK NUMBER | |
| International Standard Book Number | 0801026938 :USD34.64 |
| 020 ## - INTERNATIONAL STANDARD BOOK NUMBER | |
| International Standard Book Number | 9780801026935 |
| 090 ## - LOCALLY ASSIGNED LC-TYPE CALL NUMBER (OCLC); LOCAL CALL NUMBER (OCLC) | |
| Classification number (OCLC) (R) ; Classification number, CALL (RLIN) (NR) | BS511.3 |
| Local cutter number (OCLC) ; Book number/undivided call number, CALL (RLIN) | C73 |
| -- | 2007 |
| 245 10 - TITLE STATEMENT | |
| Title | Commentary on the New Testament use of the Old Testament / |
| Statement of responsibility, etc | edited by G.K. Beale and D.A. Carson. |
| 260 ## - PUBLICATION, DISTRIBUTION, ETC. (IMPRINT) | |
| Place of publication, distribution, etc | Grand Rapids, Mich. : |
| Name of publisher, distributor, etc | Baker Academic ; |
| Place of publication, distribution, etc | Nottingham, England : |
| Name of publisher, distributor, etc | Apollos, |
| Date of publication, distribution, etc | c2007. |
| 300 ## - PHYSICAL DESCRIPTION | |
| Extent | xxviii, 1239 p. ; |
| Dimensions | 27 cm. |
| 504 ## - BIBLIOGRAPHY, ETC. NOTE | |
| Bibliography, etc | Includes bibliographical references and index. |
| 505 0# - FORMATTED CONTENTS NOTE | |
| Formatted contents note | Matthew / Craig L. Blomberg -- Mark / Rikk E. Watts -- Luke / David W. Pao and Eckhard J. Schnabel -- John / Andreas J. Kèostenberger -- Acts / I. Howard Marshall -- Romans / Mark A. Seifrid -- 1 Corinthians / Roy E. Ciampa and Brian S. Rosner -- 2 Corinthians / Peter Balla -- Galatians / Moisâes Silva -- Ephesians / Frank S. Thielman -- Philippians / Moisâes Silva -- Colossians / G.K. Beale -- 1-2 Thessalonians / Jeffrey A.D. Weima -- 1-2 Timothy and Titus / Philip H. Towner -- Hebrews / George H. Guthrie -- James, 1 Peter, 2 Peter, 1-3 John, Jude / D.A. Carson -- Revelation / G.K. Beale and Sean M. McDonough. |
| 630 04 - SUBJECT ADDED ENTRY--UNIFORM TITLE | |
| Uniform title | Bible. |
| Name of part/section of a work | N.T. |
| General subdivision | Criticism, interpretation, etc. |
| 630 04 - SUBJECT ADDED ENTRY--UNIFORM TITLE | |
| Uniform title | Bible. |
| Name of part/section of a work | N.T. |
| General subdivision | Relation to the Old Testament. |
| 630 04 - SUBJECT ADDED ENTRY--UNIFORM TITLE | |
| Uniform title | Bible. |
| Name of part/section of a work | O.T. |
| General subdivision | Relation to the New Testament. |
| 951 ## - EQUIVALENCE OR CROSS-REFERENCE-GEOGRAPHIC NAME/AREA NAME [OBSOLETE] [CAN/MARC only] | |
| General subdivision | 00036415 |
| 700 1# - ADDED ENTRY--PERSONAL NAME | |
| Personal name | Beale, G. K. |
| Fuller form of name | (Gregory K.), |
| Dates associated with a name | 1949- |
| 700 1# - ADDED ENTRY--PERSONAL NAME | |
| Personal name | Carson, D. A. |
| 951 ## - EQUIVALENCE OR CROSS-REFERENCE-GEOGRAPHIC NAME/AREA NAME [OBSOLETE] [CAN/MARC only] | |
| -- | 31879 |
| -- | REFBS511.3/C73/2007 |
| -- | 080610150056030 |
| -- | 2000-12-21 |
| -- | REF |
| Withdrawn status | Lost status | Source of classification or shelving scheme | Damaged status | Not for loan | Home library | Current library | Shelving location | Date acquired | Accession number | Shelving control number | Total Checkouts | Full call number | Barcode | Date last seen | Price effective from | Koha item type | Source of acquisition | Cost, normal purchase price | Copy number |
|---|---|---|---|---|---|---|---|---|---|---|---|---|---|---|---|---|---|---|---|
| Library of Congress Classification | BSOP Library | BSOP Library | Reference | 12/21/2000 | 31879 | 127 | BS511.3 C73 2007 | 00036415 | 02/23/2013 | 02/23/2013 | Books | ||||||||
| Library of Congress Classification | BSOP Library | BSOP Library | Reference | 11/11/2011 | 36398 | BS511.3 C73 2007 | 00043898 | 04/01/2014 | 04/01/2014 | Books | Theological Book Network | 440.00 | c.2 |
